Loading...

Power elites and organizations

Bibliographic Details
Main Author: Domhoff, G william
Other Authors: Dye, Thomas R
Format: Printed Book
Language:Undetermined
English
Published: New Delhi Sage Publications 1987
Subjects:
LEADER 00655nam a2200205Ia 4500
008 140306s9999 xx 000 0 und d
020 |a 0 8039 2680 4 
041 |a eng 
082 |a 305 .52  |b DOM/PO 
100 |a Domhoff, G william 
245 |a Power elites and organizations 
260 |a New Delhi  |b Sage Publications  |c  1987 
300 |a 292 
365 |b Rs .799 
650 |a power -social sciences 
650 |a Private organizations 
700 |a Dye, Thomas R 
942 |2 ddc  |c BK 
999 |c 179267  |d 179267 
952 |0 0  |1 0  |2 ddc  |4 0  |6 305_000000000000000__52_DOM_PO  |7 0  |9 184390  |a KAUCBV  |b KAUCBV  |d 2004-03-02  |g 799.00  |o 305 .52 DOM/PO  |r 2014-03-22  |w 2014-03-22  |y BK